[Event "Russian Championship B13 1st league 2016"]
[Site "Loo"]
[Date "2016.04.24"]
[Round "5.11"]
[White "Zakirov, Artur"]
[Black "Akhmetshin, Alexander"]
[Result "1-0"]
[WhiteElo "1725"]
[BlackElo "1579"]
[PlyCount "99"]
[EventDate "2016.04.20"]

1. d4 Nf6 2. c4 g6 3. Nc3 Bg7 4. e4 d6 5. Be2 O-O 6. Bg5 e5 7. dxe5 dxe5 8.
Qxd8 Rxd8 9. Nd5 Nbd7 10. Nxc7 Rb8 11. O-O-O h6 12. Be3 b6 13. f3 Bb7 14. Nd5
Nxd5 15. cxd5 f5 16. Nh3 Rbc8+ 17. Kb1 Nc5 18. Nf2 Ba6 19. Bxa6 Nxa6 20. Rc1
Bf8 21. Rxc8 Rxc8 22. Rc1 Rxc1+ 23. Kxc1 Bc5 24. Bxc5 Nxc5 25. Kc2 a6 26. Nd3
Nxd3 27. Kxd3 Kf7 28. Kc4 Ke7 29. a4 Kd6 30. Kb4 f4 31. h4 Kc7 32. a5 Kb7 33.
axb6 Kxb6 34. Kc4 a5 35. b3 g5 36. h5 Kc7 37. Kc5 Kd7 38. d6 Kd8 39. Kd5 Kd7
40. Kxe5 Kd8 41. Ke6 Ke8 42. e5 Kd8 43. d7 Kc7 44. Ke7 Kb7 45. d8=Q Ka6 46. Qb8
g4 47. Kd6 gxf3 48. gxf3 a4 49. bxa4 Ka5 50. Qb5# 1-0

[Event "Russian Championship B13 1st league 2016"]
[Site "Loo"]
[Date "2016.04.24"]
[Round "5.12"]
[White "Peregudov, Denis"]
[Black "Ismailov, Amir"]
[Result "1/2-1/2"]
[WhiteElo "1517"]
[BlackElo "1714"]
[PlyCount "83"]
[EventDate "2016.04.20"]

1. d4 Nf6 2. c4 e6 3. Nc3 Bb4 4. e3 b6 5. Qc2 Bb7 6. a3 Bxc3+ 7. Qxc3 O-O 8.
Nf3 d6 9. Be2 Nbd7 10. O-O c5 11. Rd1 Rc8 12. Qe1 Qe7 13. Bd2 Rfd8 14. Bc3 Ne4
15. Rac1 Nxc3 16. Rxc3 Nf6 17. Rcd3 Ne4 18. Nd2 Nxd2 19. R3xd2 Qg5 20. Qf1 d5
21. dxc5 bxc5 22. cxd5 Bxd5 23. Bc4 g6 24. Bxd5 exd5 25. Qa6 d4 26. exd4 cxd4
27. Rxd4 Qe7 28. Rxd8+ Rxd8 29. Rxd8+ Qxd8 30. Qf1 Qd2 31. Qb1 Kf8 32. b4 Ke7
33. a4 Kd6 34. b5 Kc5 35. h3 Qb4 36. Qc1+ Qc4 37. Qe3+ Kb4 38. Qxa7 h5 39. Qe7+
Kxa4 40. b6 Qc1+ 41. Kh2 Qf4+ 42. Kg1 1/2-1/2

[Event "Russian Championship B13 1st league 2016"]
[Site "Loo"]
[Date "2016.04.24"]
[Round "5.13"]
[White "Konovalov, Alexey"]
[Black "Koptev, Ruslan"]
[Result "0-1"]
[WhiteElo "1560"]
[BlackElo "1691"]
[PlyCount "118"]
[EventDate "2016.04.20"]

1. e4 c5 2. Nf3 e6 3. c3 d5 4. exd5 exd5 5. Bb5+ Bd7 6. Bxd7+ Qxd7 7. d4 Nf6 8.
O-O c4 9. Ne5 Qd8 10. Re1 Be7 11. Qa4+ Kf8 12. Nd2 a6 13. Ndf3 b5 14. Qc2 Ne4
15. Nd2 Nxd2 16. Bxd2 f6 17. Nf3 Qd7 18. Nh4 g6 19. Bh6+ Kf7 20. Bd2 Nc6 21.
Re2 Rhe8 22. Rae1 Bd6 23. Nf3 Rxe2 24. Rxe2 Re8 25. Be3 Ne7 26. b3 Nf5 27. bxc4
bxc4 28. Re1 Rb8 29. Rb1 Rxb1+ 30. Qxb1 Qb5 31. Nd2 Qxb1+ 32. Nxb1 Nxe3 33.
fxe3 f5 34. g3 Bc7 35. Kf2 Ba5 36. Kf3 Kf6 37. Ke2 Kg5 38. Kf3 h6 39. a3 Kf6
40. Ke2 h5 41. Kf2 Kg5 42. Kf3 h4 43. h3 Bc7 44. g4 fxg4+ 45. hxg4 h3 46. Nd2
Ba5 47. Nb1 h2 48. Kg2 Kxg4 49. e4 dxe4 50. Nd2 e3 51. Nf1 h1=Q+ 52. Kxh1 e2
53. Ne3+ Kf3 54. Nc2 Bxc3 55. d5 e1=Q+ 56. Nxe1+ Bxe1 57. d6 Bh4 58. a4 c3 59.
d7 c2 0-1

[Event "Russian Championship B13 1st league 2016"]
[Site "Loo"]
[Date "2016.04.24"]
[Round "5.14"]
[White "Dyatlov, Oleg"]
[Black "Garifzyanov, Niyaz"]
[Result "0-1"]
[WhiteElo "1469"]
[BlackElo "1682"]
[PlyCount "98"]
[EventDate "2016.04.20"]

1. f4 d5 2. Nf3 Nf6 3. g3 Bg4 4. Ne5 Bf5 5. Bg2 Nbd7 6. O-O h5 7. h3 e6 8. c4
c6 9. b3 Nxe5 10. fxe5 Ne4 11. Kh2 Qg5 12. Bxe4 Bxe4 13. Nc3 Qxe5 14. d4 Qc7
15. Nxe4 dxe4 16. c5 Rd8 17. Bf4 Qa5 18. b4 Qxb4 19. Rb1 Qxd4 20. Qxd4 Rxd4 21.
Rxb7 Rd7 22. Rb8+ Rd8 23. Rxd8+ Kxd8 24. Rb1 f6 25. Rb8+ Ke7 26. Bd6+ Kf7 27.
Rb7+ Kg6 28. Rb8 Kf7 29. Rb7+ Kg6 30. Rb8 Bxd6 31. Rxh8 Bxc5 32. Rc8 Bb6 33.
Rxc6 e5 34. Rd6 Kg5 35. Rd7 g6 36. Rg7 f5 37. Rf7 f4 38. Kg2 Bd4 39. a4 a5 40.
Rb7 Bc3 41. Rb5 Kf6 42. Kf2 Bd4+ 43. Kg2 Bc3 44. gxf4 exf4 45. h4 Be1 46. Kf1
Bc3 47. Kf2 Ke6 48. Rb6+ Kf5 49. Kg2 Bd2 0-1

[Event "Russian Championship B13 1st league 2016"]
[Site "Loo"]
[Date "2016.04.24"]
[Round "5.15"]
[White "Bobkov, Vadim"]
[Black "Tishkin, Boris"]
[Result "1-0"]
[WhiteElo "1839"]
[BlackElo "1561"]
[PlyCount "76"]
[EventDate "2016.04.20"]

1. d4 f5 2. c4 e6 3. Nc3 Nf6 4. Nf3 d5 5. Bf4 c6 6. e3 Bd6 7. Bd3 O-O 8. O-O
Ne4 9. Qe2 b6 10. Nd2 Bb7 11. f3 Nxd2 12. Qxd2 Bxf4 13. exf4 c5 14. Qf2 Na6 15.
Rfd1 Rc8 16. dxc5 Nxc5 17. cxd5 Nxd3 18. Rxd3 exd5 19. Rad1 Rf6 20. Nxd5 Bxd5
21. Rxd5 Qxd5 22. Rxd5 Rc1+ 23. Qf1 Rxf1+ 24. Kxf1 a5 25. Ke2 Kf7 26. Kd3 Rg6
27. Rxf5+ Ke6 28. Rg5 Rxg5 29. fxg5 Kd5 30. f4 a4 31. g4 g6 32. h4 b5 33. h5 b4
34. h6 Ke6 35. Ke4 a3 36. b3 Kd6 37. f5 Ke7 38. fxg6 hxg6 1-0

[Event "Russian Championship B13 1st league 2016"]
[Site "Loo"]
[Date "2016.04.24"]
[Round "5.16"]
[White "Fonichkin, Egor"]
[Black "Zemskov, Roman"]
[Result "0-1"]
[WhiteElo "1631"]
[BlackElo "1824"]
[PlyCount "78"]
[EventDate "2016.04.20"]

1. d4 b6 2. Nc3 e6 3. e4 d6 4. Be3 g6 5. Qd2 Bb7 6. f3 Nd7 7. O-O-O Bg7 8. Bd3
h6 9. g4 Ne7 10. h4 c6 11. h5 g5 12. Qe2 Qc7 13. Nh3 O-O-O 14. Ba6 Rde8 15.
Bxb7+ Kxb7 16. Qf2 f5 17. exf5 exf5 18. Qd2 fxg4 19. fxg4 Nf6 20. Rhg1 Qd7 21.
Qg2 Nfd5 22. Nxd5 Nxd5 23. Bf2 Re2 24. Rd2 Rhe8 25. Qf3 Qe6 26. Rxe2 Qxe2 27.
Qxe2 Rxe2 28. c3 Nf6 29. Bg3 Ne4 30. a3 Ka6 31. Kb1 Kb5 32. Kc1 Kc4 33. Kd1
Rxb2 34. Kc1 Ra2 35. Be1 Rh2 36. Rf1 Rxh3 37. Rf7 Bf6 38. Rxa7 Rh1 39. Kd1 Kd3
0-1

[Event "Russian Championship B13 1st league 2016"]
[Site "Loo"]
[Date "2016.04.24"]
[Round "5.17"]
[White "Amirov, Ramil"]
[Black "Aslanyan, Razmik"]
[Result "1/2-1/2"]
[WhiteElo "1773"]
[BlackElo "1630"]
[PlyCount "80"]
[EventDate "2016.04.20"]

1. e4 Nc6 2. d4 e5 3. d5 Nce7 4. c4 Ng6 5. Nf3 Nf6 6. Nc3 Bc5 7. Bd3 a6 8. O-O
O-O 9. a3 d6 10. b4 Ba7 11. Qe2 Bg4 12. Be3 Nh5 13. Bxa7 Rxa7 14. h3 Bd7 15.
Qe3 Ra8 16. Kh2 Nhf4 17. Rg1 Nxd3 18. Qxd3 Nf4 19. Qe3 h6 20. g4 f6 21. Ne2
Nxe2 22. Qxe2 g5 23. a4 a5 24. b5 b6 25. Nd2 Kg7 26. Nf1 Be8 27. Ng3 Bg6 28.
Nf5+ Bxf5 29. gxf5 Rh8 30. h4 Qe8 31. h5 Kf7 32. Kh3 Ke7 33. Kg4 Qd7 34. Rgd1
Qe8 35. Rg1 Qd7 36. Rgd1 Qe8 37. f3 Qf7 38. Rd3 Rhg8 39. Rc1 Kd7 40. Qh2 Rg7
1/2-1/2

[Event "Russian Championship B13 1st league 2016"]
[Site "Loo"]
[Date "2016.04.24"]
[Round "5.18"]
[White "Dunaev, Denis"]
[Black "Zhukov, Anton"]
[Result "1/2-1/2"]
[WhiteElo "1628"]
[BlackElo "1767"]
[PlyCount "78"]
[EventDate "2016.04.20"]

1. Nf3 Nf6 2. d4 g6 3. c4 Bg7 4. Nc3 O-O 5. Bf4 d6 6. e3 Nbd7 7. Be2 c6 8. O-O
Nh5 9. Bg3 Nxg3 10. hxg3 e5 11. Rc1 Qe7 12. a3 f5 13. b4 a6 14. d5 Re8 15. Re1
g5 16. e4 f4 17. Rc2 c5 18. Ra2 Qf6 19. Nh2 Rf8 20. Bg4 b6 21. Be6+ Kh8 22. Bf5
Qf7 23. g4 Nf6 24. f3 Qc7 25. b5 a5 26. a4 h5 27. Kf2 h4 28. Rh1 Kg8 29. Re2
Kf7 30. Bxc8 Raxc8 31. Ree1 Rfe8 32. Ne2 Rh8 33. Ng1 Qe7 34. Nh3 Nd7 35. Qc2
Nf8 36. Qd3 Nd7 37. Qc2 Nf8 38. Qd3 Nd7 39. Qc2 Nf8 1/2-1/2

[Event "Russian Championship B13 1st league 2016"]
[Site "Loo"]
[Date "2016.04.24"]
[Round "5.19"]
[White "Kitaev, Roman"]
[Black "Kovalev, Kirill"]
[Result "1-0"]
[WhiteElo "1744"]
[BlackElo "1597"]
[PlyCount "107"]
[EventDate "2016.04.20"]

1. Nf3 Nf6 2. c4 c5 3. Nc3 Nc6 4. d4 cxd4 5. Nxd4 Nxd4 6. Qxd4 d6 7. Bg5 Bf5 8.
e4 Bg6 9. Be2 h6 10. Bh4 e5 11. Qd3 Be7 12. Bxf6 gxf6 13. Nd5 O-O 14. O-O Re8
15. Rad1 Kg7 16. Bg4 Bf8 17. Rfe1 h5 18. Bf5 Kh7 19. Qh3 Bh6 20. Qxh5 Kg7 21.
Bxg6 fxg6 22. Qg4 Rc8 23. b3 Rf8 24. Ne3 Bxe3 25. Rxe3 f5 26. exf5 Rxf5 27. Rg3
Qf6 28. Rf3 Rxf3 29. Qxf3 Qxf3 30. gxf3 Rc6 31. Kg2 Kf6 32. Kg3 Kf5 33. Rd5 b6
34. f4 a6 35. fxe5 dxe5 36. f4 Ke4 37. Rxe5+ Kd3 38. Kf3 Kc3 39. Re2 a5 40.
Re3+ Kb2 41. a4 Ka3 42. Kg4 Kb4 43. Kg5 Kc5 44. h4 Kd4 45. Re5 Kc3 46. Rb5 Kd4
47. h5 gxh5 48. Kxh5 Ke4 49. Kg5 Rc8 50. Rxb6 Rg8+ 51. Rg6 Rf8 52. Re6+ Kd4 53.
f5 Kc3 54. Rb6 1-0

[Event "Russian Championship B13 1st league 2016"]
[Site "Loo"]
[Date "2016.04.24"]
[Round "5.20"]
[White "Bukatin, Arseny"]
[Black "Beloshapko, Matvej"]
[Result "1/2-1/2"]
[WhiteElo "1620"]
[BlackElo "1741"]
[PlyCount "95"]
[EventDate "2016.04.20"]

1. e4 c5 2. Nf3 g6 3. d4 cxd4 4. Nxd4 Bg7 5. Nc3 Nc6 6. Be3 Nf6 7. f3 O-O 8.
Qd2 a6 9. O-O-O Nxd4 10. Bxd4 b5 11. Nd5 Nxd5 12. Bxg7 Kxg7 13. Qxd5 Qb6 14.
Qe5+ Qf6 15. Qxf6+ Kxf6 16. c4 d6 17. cxb5 axb5 18. Bxb5 Rxa2 19. Bc4 Ra7 20.
b3 Bd7 21. Kb2 Rfa8 22. Ra1 Rxa1 23. Rxa1 Rxa1 24. Kxa1 e6 25. Kb2 Ke5 26. Kc3
f5 27. exf5 gxf5 28. b4 d5 29. Bd3 h6 30. g3 Kd6 31. f4 e5 32. fxe5+ Kxe5 33.
b5 d4+ 34. Kc4 Be6+ 35. Kc5 Bd5 36. b6 Bb7 37. h4 f4 38. gxf4+ Kxf4 39. h5 Ke3
40. Bc4 d3 41. Bxd3 Kxd3 42. Kd6 Ke4 43. Ke6 Kd4 44. Kf6 Kc5 45. Kg6 Kxb6 46.
Kxh6 Bf3 47. Kg6 Bxh5+ 48. Kxh5 1/2-1/2

[Event "Russian Championship B13 1st league 2016"]
[Site "Loo"]
[Date "2016.04.24"]
[Round "5.21"]
[White "Kryukov, Alexey"]
[Black "Traschenko, Damir"]
[Result "1-0"]
[WhiteElo "1617"]
[BlackElo "1733"]
[PlyCount "139"]
[EventDate "2016.04.20"]

1. e4 c6 2. d4 d5 3. Nc3 dxe4 4. Nxe4 Bf5 5. Nc5 Qc7 6. Bd3 Bxd3 7. Nxd3 e6 8.
Bf4 Bd6 9. Bxd6 Qxd6 10. Nf3 Nf6 11. O-O Nbd7 12. c3 O-O 13. Re1 Rad8 14. Qc2
c5 15. Rad1 cxd4 16. Nxd4 Rc8 17. Qb3 Nc5 18. Qa3 Qb6 19. Nxc5 Rxc5 20. Qb3 Qc7
21. Rxe6 Nd5 22. Ree1 Nf4 23. Qc2 Rg5 24. g3 Qc8 25. Qe4 Ng6 26. Nf3 Rg4 27.
Qe3 Ra4 28. a3 Ra6 29. Qd3 Rb6 30. Re2 Qg4 31. Re4 Qh5 32. Rb4 Rf6 33. Kg2 a5
34. Re4 Qc5 35. Qd4 Qf5 36. Rd3 Re6 37. Rxe6 fxe6 38. Re3 e5 39. Qd5+ Kh8 40.
Qxb7 Qg4 41. Qe4 Nf4+ 42. Kh1 Nh3 43. Qxg4 Nxf2+ 44. Kg2 Nxg4 45. Re4 h5 46. h3
Nf6 47. Rxe5 Rb8 48. b4 axb4 49. axb4 Rc8 50. Rc5 Rxc5 51. bxc5 Nd5 52. c6 Kg8
53. Kf2 Kf8 54. c4 Nc7 55. Nd4 Ke7 56. Nb5 Ne6 57. c7 Kd7 58. Ke3 g5 59. Ke4 h4
60. gxh4 gxh4 61. Kf5 Nxc7 62. Nxc7 Kxc7 63. Kg4 Kc6 64. Kxh4 Kc5 65. Kg5 Kxc4
66. h4 Kd5 67. Kf6 Kd6 68. h5 Kd7 69. h6 Ke8 70. h7 1-0

[Event "Russian Championship B13 1st league 2016"]
[Site "Loo"]
[Date "2016.04.24"]
[Round "5.22"]
[White "Lvov, Nikita"]
[Black "Kleimenov, Ivan"]
[Result "1-0"]
[WhiteElo "1731"]
[BlackElo "1576"]
[PlyCount "109"]
[EventDate "2016.04.20"]

1. d4 f5 2. e4 fxe4 3. Nc3 d5 4. Qh5+ g6 5. Qxd5 Nf6 6. Qxd8+ Kxd8 7. Bg5 Bf5
8. Bc4 e3 9. fxe3 Bxc2 10. Nf3 Nbd7 11. Rc1 Bf5 12. O-O Bg4 13. Nd2 h6 14. Bf4
g5 15. Bg3 a6 16. Nd5 Nxd5 17. Bxd5 c6 18. Bf3 Bxf3 19. Rxf3 Bg7 20. Nc4 Rc8
21. Na5 b5 22. Rxc6 Rxc6 23. Nxc6+ Ke8 24. b3 Rf8 25. Nb4 Rxf3 26. gxf3 a5 27.
Nd5 Kf7 28. Bc7 a4 29. Nc3 axb3 30. axb3 b4 31. Nd5 e5 32. dxe5 Bxe5 33. Bxe5
Nxe5 34. Kf2 Nd3+ 35. Kg3 Nc5 36. Nxb4 Nxb3 37. Nc2 h5 38. h4 gxh4+ 39. Kxh4
Kg6 40. Nd4 Nc5 41. Ne2 Nd7 42. Nf4+ Kf5 43. Nxh5 Ne5 44. Kg3 Ng6 45. Nf4 Ne5
46. e4+ Kg5 47. Nd5 Nc4 48. f4+ Kg6 49. Kg4 Nd2 50. f5+ Kf7 51. e5 Nc4 52. e6+
Kf8 53. Kg5 Nd6 54. Kg6 Nc8 55. e7+ 1-0

[Event "Russian Championship B13 1st league 2016"]
[Site "Loo"]
[Date "2016.04.24"]
[Round "5.23"]
[White "Novikov, Roman"]
[Black "Agabekov, Saveliy"]
[Result "1-0"]
[WhiteElo "1711"]
[BlackElo "1567"]
[PlyCount "149"]
[EventDate "2016.04.20"]

1. b4 b6 2. Bb2 Bb7 3. Nf3 e6 4. e3 Nf6 5. a3 c5 6. bxc5 Bxc5 7. Be2 Be7 8. O-O
O-O 9. c4 d6 10. d3 Nbd7 11. Nbd2 Qc7 12. Rc1 Rac8 13. Qc2 Qb8 14. Qb1 Bd8 15.
Rfd1 Bc7 16. h3 Qa8 17. Bf1 Rfd8 18. Qa1 Re8 19. Nd4 a6 20. N2b3 Bd8 21. Nc2
Be7 22. a4 Rc7 23. a5 Rec8 24. axb6 Nxb6 25. Bd4 Nbd7 26. Na5 Nc5 27. Rb1 Ncd7
28. Nb4 e5 29. Bc3 Nc5 30. Nxb7 Rxb7 31. Be2 Rbc7 32. Bf3 Qa7 33. Nd5 Nxd5 34.
Bxd5 Bf6 35. Ba5 Re7 36. Bb6 Qd7 37. Bxc5 Rxc5 38. Qxa6 h6 39. Rb6 Qa7 40. Rxd6
Qxa6 41. Rxa6 Rcc7 42. Be4 Re8 43. Rb1 Rcc8 44. Kf1 Rb8 45. Rab6 Rxb6 46. Rxb6
Kf8 47. c5 Rc8 48. c6 Bd8 49. Rb7 Bf6 50. Ke2 g6 51. Bd5 Be7 52. Kd2 Ke8 53.
Kc3 f5 54. Kc4 Kd8 55. Kb5 Rc7 56. Rb6 Bd6 57. Rb8+ Rc8 58. Rxc8+ Kxc8 59. Bf7
g5 60. Be6+ Kc7 61. Bxf5 h5 62. g3 h4 63. gxh4 gxh4 64. Bd7 Bf8 65. Kc4 Kd6 66.
d4 exd4 67. Kxd4 Bg7+ 68. Ke4 Bf6 69. f4 Bd8 70. Kf5 Be7 71. e4 Bd8 72. e5+ Kc7
73. Ke6 Kb8 74. f5 Kc7 75. f6 1-0

[Event "Russian Championship B13 1st league 2016"]
[Site "Loo"]
[Date "2016.04.24"]
[Round "5.24"]
[White "Khanzhin, Timur"]
[Black "Efanov, Aleksey"]
[Result "1-0"]
[WhiteElo "1582"]
[BlackElo "1693"]
[PlyCount "103"]
[EventDate "2016.04.20"]

1. c4 e5 2. Nc3 Nc6 3. Nf3 f5 4. d4 exd4 5. Nxd4 Nxd4 6. Qxd4 Qf6 7. Qxf6 Nxf6
8. Bg5 Be7 9. O-O-O c6 10. Bxf6 Bxf6 11. e4 O-O 12. exf5 Bxc3 13. bxc3 Rxf5 14.
f3 a6 15. Bd3 Rf6 16. Rhe1 g6 17. c5 Kf8 18. Re2 d6 19. Bc4 d5 20. Bd3 Re6 21.
Rde1 Rxe2 22. Rxe2 Bd7 23. Rb2 Ra7 24. Kd2 Ke7 25. Ke3 Kf6 26. Kf4 g5+ 27. Kg3
h6 28. h4 Be6 29. f4 gxf4+ 30. Kxf4 h5 31. Be2 Bf7 32. g4 hxg4 33. Bxg4 Ra8 34.
Rxb7 Re8 35. Bf3 Rc8 36. Kg3 Rg8+ 37. Kf2 Rh8 38. Rb4 Ke5 39. Ke3 Rh6 40. a4 a5
41. Rg4 Be6 42. Rg5+ Kf6 43. Rh5 Rxh5 44. Bxh5 d4+ 45. cxd4 Bb3 46. Be8 Bxa4
47. d5 Bb3 48. Bxc6 a4 49. Kd4 a3 50. Kc3 a2 51. Kb2 Ke7 52. h5 1-0

[Event "Russian Championship B13 1st league 2016"]
[Site "Loo"]
[Date "2016.04.24"]
[Round "5.25"]
[White "Zhukov, Ivan"]
[Black "Sobashnikov, Ivan"]
[Result "1-0"]
[WhiteElo "1667"]
[BlackElo "1525"]
[PlyCount "69"]
[EventDate "2016.04.20"]

1. e4 c6 2. d4 d5 3. Nc3 dxe4 4. Nxe4 Bf5 5. Ng3 Bg6 6. h4 h6 7. Nf3 Nf6 8. Bd3
Bxd3 9. Qxd3 e6 10. Bf4 Bd6 11. Bxd6 Qxd6 12. O-O O-O 13. c4 Na6 14. Rad1 Rfd8
15. Ne4 Nxe4 16. Qxe4 Qc7 17. a3 c5 18. d5 exd5 19. cxd5 Rd6 20. Nd2 b5 21. Qd3
Rf6 22. Qe3 Qd7 23. Ne4 Rg6 24. h5 Rb6 25. d6 c4 26. Qf3 Rc8 27. Rfe1 Rcc6 28.
Qg3 Kh8 29. Qe3 Nb8 30. Nc5 Qd8 31. d7 Re6 32. Nxe6 Rxe6 33. Qd2 Rxe1+ 34. Qxe1
Nxd7 35. Qd2 1-0

[Event "Russian Championship B13 1st league 2016"]
[Site "Loo"]
[Date "2016.04.24"]
[Round "5.26"]
[White "Bashev, Fyodor"]
[Black "Burdin, Shahrom"]
[Result "0-1"]
[WhiteElo "1658"]
[BlackElo "1514"]
[PlyCount "118"]
[EventDate "2016.04.20"]

1. e4 e5 2. Nf3 Nc6 3. Bb5 Nf6 4. O-O d6 5. h3 Be7 6. Nc3 a6 7. Bxc6+ bxc6 8.
d4 exd4 9. Nxd4 Bb7 10. Re1 O-O 11. f4 Re8 12. Qd3 Bf8 13. Bd2 g6 14. f5 Bg7
15. Bg5 Qc8 16. fxg6 hxg6 17. Rf1 Nd7 18. Nf3 Nc5 19. Qc4 Nxe4 20. Nxe4 d5 21.
Qb3 Rxe4 22. Nd2 Re2 23. Qf3 Qe6 24. c3 f6 25. Nb3 fxg5 26. Nc5 Qe3+ 27. Qxe3
Rxe3 28. Nxb7 Rb8 29. Nc5 Rxb2 30. Rf2 Rxf2 31. Kxf2 Rxc3 32. Nb3 Rxb3 33. Rc1
Rb2+ 34. Kf3 g4+ 35. Kxg4 Rxg2+ 36. Kf3 Rxa2 37. Rxc6 Be5 38. Rxg6+ Kf7 39. Rc6
Bd6 40. Ke3 Ra3+ 41. Kd4 Ke6 42. h4 Ra4+ 43. Kc3 Rc4+ 44. Rxc4 dxc4 45. Kxc4
Kf5 46. Kb3 Kg4 47. Ka4 Kxh4 48. Ka5 c5 49. Ka4 Kg4 50. Kb3 Kf4 51. Kc4 Ke4 52.
Kc3 Kd5 53. Kd3 Be5 54. Kc2 c4 55. Kd2 a5 56. Kc2 a4 57. Kd1 Kd4 58. Kc2 a3 59.
Kd1 Kd3 0-1

[Event "Russian Championship B13 1st league 2016"]
[Site "Loo"]
[Date "2016.04.24"]
[Round "5.27"]
[White "Chuklin, Ivan"]
[Black "Boktaev, Adyan"]
[Result "0-1"]
[WhiteElo "1557"]
[BlackElo "1657"]
[PlyCount "118"]
[EventDate "2016.04.20"]

1. c4 c5 2. Nc3 e6 3. Nf3 Nf6 4. d4 d5 5. Bg5 Nbd7 6. cxd5 cxd4 7. Nxd4 exd5 8.
Bd2 Bc5 9. e3 O-O 10. Be2 Re8 11. O-O Bxd4 12. exd4 Qb6 13. Be3 Nf8 14. Qc2 Bd7
15. Bf3 Rac8 16. Qd2 Bc6 17. Rac1 Ng6 18. Bg5 Ne4 19. Bxe4 dxe4 20. Rfd1 Bd7
21. Ne2 h6 22. Be3 Nh4 23. Ng3 Bh3 24. Rxc8 Rxc8 25. d5 Qg6 26. Qe2 Bxg2 27. d6
Bf3 28. d7 Rd8 29. Qc2 Bxd1 30. Qxd1 Qc6 31. Qg4 Ng6 32. Nxe4 Qxd7 33. Qg3 Qd1+
34. Kg2 Qd5 35. f3 Qxa2 36. Kh3 Qxb2 37. Qc7 Rf8 38. Bc5 Qe5 39. Qxe5 Nxe5 40.
Bxf8 Kxf8 41. Nd6 b6 42. Nc8 Nc6 43. Nd6 a5 44. Nb5 Ke7 45. Kg4 Ke6 46. Kf4 Kd5
47. Ke3 Kc5 48. Nc3 b5 49. Kd3 Ne5+ 50. Ke4 Nc4 51. Kd3 Nd6 52. Na2 b4 53. Kc2
Kc4 54. Kb2 a4 55. f4 g5 56. fxg5 hxg5 57. h4 gxh4 58. Nc1 h3 59. Ne2 h2 0-1

[Event "Russian Championship B13 1st league 2016"]
[Site "Loo"]
[Date "2016.04.24"]
[Round "5.28"]
[White "Maximov, Mihail"]
[Black "Stepochkin, Fedor"]
[Result "0-1"]
[WhiteElo "1450"]
[BlackElo "1649"]
[PlyCount "96"]
[EventDate "2016.04.20"]

1. e4 e6 2. d4 d5 3. Nc3 Bb4 4. e5 c5 5. a3 Bxc3+ 6. bxc3 Ne7 7. Bd3 Qc7 8. Bd2
Nbc6 9. Qg4 cxd4 10. cxd4 Nxe5 11. Bb5+ Bd7 12. Bxd7+ Nxd7 13. Rc1 Ng6 14. Ne2
Nf6 15. Qf3 Ne4 16. Qd3 Nxd2 17. Qxd2 Rc8 18. O-O O-O 19. c3 Qd6 20. a4 Rc6 21.
Rb1 Qd7 22. Rb5 a6 23. Rb4 Ne7 24. Rfb1 Rc7 25. Rb6 Nf5 26. Qb2 Nd6 27. Qb4 Rd8
28. Nc1 Rc4 29. Qb3 Qxa4 30. Nd3 Qxb3 31. R1xb3 Kf8 32. Nc5 Ke8 33. Nxb7 Nxb7
34. Rxb7 Rdc8 35. Kf1 Rxc3 36. Rxc3 Rxc3 37. Ra7 Ra3 38. Ke2 Kf8 39. g4 g6 40.
f3 Kg7 41. h4 a5 42. h5 gxh5 43. gxh5 a4 44. h6+ Kg6 45. Kf2 Ra1 46. Kg2 a3 47.
Kg3 a2 48. Kg2 Kxh6 0-1

[Event "Russian Championship B13 1st league 2016"]
[Site "Loo"]
[Date "2016.04.24"]
[Round "5.29"]
[White "Kazakov, Gleb"]
[Black "Zhuravlev, Ignat"]
[Result "1-0"]
[WhiteElo "1447"]
[BlackElo "1645"]
[PlyCount "181"]
[EventDate "2016.04.20"]

1. e4 e5 2. Nf3 Nc6 3. Nc3 Nf6 4. Bb5 Bb4 5. O-O O-O 6. d3 d6 7. Bg5 Bxc3 8.
bxc3 Qe7 9. Re1 Nd8 10. d4 Ne6 11. Bxf6 Qxf6 12. Bc4 Nf4 13. g3 Nh3+ 14. Kg2
Bg4 15. Be2 Rfe8 16. d5 c6 17. c4 h6 18. Rf1 Bxf3+ 19. Bxf3 Ng5 20. h4 Nh7 21.
Rb1 Rab8 22. Qd3 c5 23. Qa3 a6 24. Rb6 Qd8 25. Rfb1 Qc7 26. Qb2 Re7 27. Rxa6
Nf6 28. Qb6 Ne8 29. Qxc7 Rxc7 30. Rab6 Kf8 31. a4 Ra8 32. Ra1 Ra5 33. Rb5 Ra6
34. a5 Nf6 35. Kf1 Ke7 36. Bg2 Kd7 37. Rb6 Ra7 38. Ke2 Ke7 39. Ke3 Ng4+ 40. Kf3
Nf6 41. Bh3 Nd7 42. Bxd7 Kxd7 43. Ke3 Rc8 44. Rb3 Rca8 45. Rba3 b6 46. a6 f6
47. Kf3 g6 48. Kg4 h5+ 49. Kf3 f5 50. Ke3 Ke7 51. f3 Kf6 52. Ke2 fxe4 53. fxe4
g5 54. Rf3+ Kg6 55. Rfa3 g4 56. Ke3 Rf8 57. Ke2 Rfa8 58. Ke3 Kf6 59. Ke2 Ke7
60. Ke3 Kd7 61. Kd3 Kc7 62. Kd2 Rf8 63. Ke2 Kb8 64. Rf1 Raf7 65. Rxf7 Rxf7 66.
Ke1 Ka7 67. Ke2 Rf8 68. Ke1 Rb8 69. Kd2 b5 70. cxb5 Rxb5 71. Rb3 Rxb3 72. cxb3
Kxa6 73. Kd3 Kb5 74. Kc3 c4 75. b4 Ka6 76. Kxc4 Kb6 77. Kc3 Ka6 78. Kb3 Kb5 79.
Ka3 Kc4 80. Ka4 Kd4 81. b5 Kxe4 82. b6 Kd3 83. b7 e4 84. b8=Q e3 85. Qb3+ Kd2
86. Qb2+ Kd1 87. Qd4+ Ke2 88. Kb3 Kf3 89. Qf4+ Kg2 90. Qxe3 Kh2 91. Kc2 1-0

[Event "Russian Championship B13 1st league 2016"]
[Site "Loo"]
[Date "2016.04.24"]
[Round "5.30"]
[White "Serov, Aleksandr"]
[Black "Darmogray, Makar"]
[Result "1/2-1/2"]
[WhiteElo "1349"]
[BlackElo "1634"]
[PlyCount "132"]
[EventDate "2016.04.20"]

1. d4 Nf6 2. c4 e6 3. Nc3 d5 4. cxd5 exd5 5. Bg5 Be7 6. e3 O-O 7. Nf3 Bg4 8.
Bd3 c6 9. O-O Nbd7 10. Rc1 Ne4 11. Bf4 Nxc3 12. bxc3 Nf6 13. h3 Bh5 14. c4 dxc4
15. Bxc4 Bd6 16. Bxd6 Qxd6 17. Rb1 b6 18. Be2 Nd5 19. Qc2 Bg6 20. e4 Rfe8 21.
Ne5 Bxe4 22. Qxe4 Nc3 23. Qf3 Nxe2+ 24. Qxe2 Qxd4 25. Nxc6 Rxe2 26. Nxd4 Rxa2
27. Nc6 h6 28. Ra1 Rxa1 29. Rxa1 a5 30. Ra4 Kh7 31. Kf1 Rc8 32. Ne5 Rc1+ 33.
Ke2 Rc8 34. Ke3 f6 35. Nd7 Rc3+ 36. Kd2 Rc6 37. Nf8+ Kg8 38. Ng6 Kf7 39. Nf4 g5
40. Nd3 Rd6 41. Ke3 f5 42. Ne5+ Kf6 43. Nf3 h5 44. Nd4 h4 45. f4 g4 46. Ra2 Kg6
47. Ra4 Rd5 48. Ra3 Rc5 49. Kd3 Rc1 50. Ke2 Rc4 51. Ke3 Rc1 52. Ne2 Rc5 53. Nd4
Rc1 54. Rb3 Re1+ 55. Kd2 Rg1 56. Rxb6+ Kh5 57. Nxf5 Rxg2+ 58. Kd3 gxh3 59. Rh6+
Kg4 60. Ne3+ Kf3 61. Rxh4 Rb2 62. f5 Rb3+ 63. Kd2 Kg3 64. Rh8 Rb7 65. Rg8+ Kf4
66. Rh8 Rd7+ 1/2-1/2

[Event "Russian Championship B13 1st league 2016"]
[Site "Loo"]
[Date "2016.04.24"]
[Round "5.32"]
[White "Polyakov, Anton"]
[Black "Efremov, Yaroslav"]
[Result "1-0"]
[WhiteElo "1799"]
[BlackElo "1501"]
[PlyCount "113"]
[EventDate "2016.04.20"]

1. e4 e5 2. Nf3 Nc6 3. Bc4 Be7 4. O-O Nf6 5. Re1 O-O 6. d4 d6 7. d5 Nb8 8. Nc3
Bg4 9. h3 Bh5 10. Be3 Nbd7 11. Be2 Bg6 12. Nd2 Ne8 13. Bb5 f5 14. Bxd7 Qxd7 15.
f3 Nf6 16. Rf1 f4 17. Bf2 Nh5 18. Kh2 Qd8 19. Qe1 Be8 20. Nc4 b6 21. Nd2 Rf6
22. Qe2 Rg6 23. Qe1 Bd7 24. a4 a6 25. a5 b5 26. Na2 Rb8 27. Nb4 Ra8 28. Ra3 Ng3
29. Bxg3 Rxg3 30. Rh1 Bh4 31. Qe2 Qe8 32. Nf1 Rg5 33. Kg1 Qc8 34. Nc6 Kf8 35.
Rh2 Bg3 36. Nxg3 fxg3 37. Rh1 Qb7 38. Rc3 b4 39. Rc4 Qb5 40. Qf1 Bxc6 41. Rxc6
Qxa5 42. h4 Rg6 43. Rh3 Qb5 44. Qe1 a5 45. b3 Ra6 46. Rxa6 Qxa6 47. Rxg3 Rxg3
48. Qxg3 Qe2 49. Qf2 Qxf2+ 50. Kxf2 Ke7 51. Ke3 Kd7 52. Kd3 Kc8 53. Kc4 Kb8 54.
Kb5 Kb7 55. g4 h6 56. h5 Ka7 57. Kxa5 1-0

[Event "Russian Championship B13 1st league 2016"]
[Site "Loo"]
[Date "2016.04.24"]
[Round "5.33"]
[White "Ivanov, Ilya"]
[Black "Zhuravlev, Aleksandr"]
[Result "1-0"]
[WhiteElo "1498"]
[BlackElo "1695"]
[PlyCount "109"]
[EventDate "2016.04.20"]

1. d4 c5 2. d5 e6 3. c4 exd5 4. cxd5 d6 5. Nc3 Nf6 6. e4 g6 7. f4 Bg7 8. Nf3
O-O 9. Bd3 Na6 10. O-O Nc7 11. Bd2 Bd7 12. Ne2 Re8 13. Ng3 b5 14. Ba5 Qb8 15.
a3 Na6 16. Re1 Qb7 17. Qd2 c4 18. Bc2 Nc5 19. Bb4 Qb6 20. Kh1 a5 21. Bc3 Bg4
22. h3 Bxf3 23. gxf3 Nfd7 24. Rg1 a4 25. Nh5 f6 26. Nxg7 Kxg7 27. f5 Ne5 28.
Bxe5 Rxe5 29. f4 Nxe4 30. Bxe4 Rxe4 31. fxg6 h6 32. Rae1 Rae8 33. f5 Qd8 34.
Qf2 Qd7 35. h4 R8e5 36. Rxe4 Rxe4 37. Re1 Qe7 38. Rxe4 Qxe4+ 39. Kh2 Qe7 40. h5
Qe5+ 41. Kg1 Qe7 42. Kf1 Qd7 43. Ke2 Qb7 44. Qe3 Qd7 45. Qe6 Qc7 46. Qf7+ Qxf7
47. gxf7 Kxf7 48. Kd2 Ke7 49. Kc3 Kd7 50. Kb4 c3 51. bxc3 Kc7 52. Kxb5 Kd7 53.
Kxa4 Kc7 54. c4 Kb6 55. Kb4 1-0